| 000 | 00677nam a2200217 u 4500 | ||
|---|---|---|---|
| 005 | 20250325063815.0 | ||
| 008 | 100823s2007 r 000 0 eng d | ||
| 020 | _a140426857X | ||
| 035 | _aUPN01000177483 | ||
| 049 | _aI | ||
| 050 | 4 |
_aHD6271 _bS5.7 |
|
| 100 | 1 |
_aShea, Therese, _d1978- _933610 |
|
| 245 | 1 | 3 |
_aEl trabajo de verano / _cTherese Shea ; tr. José María Obregón. |
| 260 |
_aNew York : _bRosen Classroom Books & Materials, _c2007. |
||
| 300 |
_a12 p. : _bprincipalmente il. col. |
||
| 440 | 0 |
_aLecturas del barrio. _pNarrativa |
|
| 650 | 4 |
_aJuventud _xEmpleo _99373 |
|
| 650 | 4 |
_aLibros y lectura para niños _92290 |
|
| 905 | _aInfantil | ||
| 999 |
_c149586 _d149586 |
||